000 00282nam a22001217a 4500
999 _c13248
_d13248
020 _a9789697280315
082 _a324.22
100 _aM R Kazimi
245 _aM A Jinnah The outside View
260 _aLahore Pakistan
_bPeace Publications
_c2021
300 _a244 pages
942 _cBK